00610nam a2200193Ia 4500001001000000003000500010008004100015010001100056040000900067082002000076100001700096245010900113260002800222300001100250500008700261650002700348650002400375700001700399Para_9063CHAP220125s2002 xx 000 0 und d a205832 cCHAP aPA 630.215 L62y aLoomis, R.S. aEcología de cultivos :b productividad y manejo en sistemas agrarios /c por R.S. Loomis y D.J. Connor aMadrid :b Mundi Prensa a591 p. aTraducción de: Crop Ecology. Productivity and Management in Agricultural Systems aEcología agrícola  aSistemas de cultivo aConnor, D.J.